| 000 | 00935nam a22003377a 4500 | ||
|---|---|---|---|
| 001 | 0063103 | ||
| 003 | KOHA_MİRAKIL | ||
| 005 | 20260207004432.0 | ||
| 007 | |||
| 008 | 181106b2016 tu |||gr||||#||||0|tur | | ||
| 020 |
_a9786053350897 _cxxxxx |
||
| 040 |
_aTR-BiSEU _btur _cTR-BiSEU _erda |
||
| 041 | 0 | _atur | |
| 044 | _ctu | ||
| 050 |
_aRT69 _b.S24 2016 |
||
| 245 | 0 |
_aSağlık uygulamalarında temel kavramlar ve beceriler/ _cEditör Fatma Akça Ay. |
|
| 250 | _a6. Baskı | ||
| 264 | 1 |
_aAnkara : _bNobel Tıp Kitabevi _c2016 |
|
| 300 | _a792 sayfa: resimli; 23cm. | ||
| 336 |
_ametin _btxt _2rdacontent |
||
| 337 |
_aaracısız _bn _2rdamedia |
||
| 338 |
_acilt _bnc _2rdacarrier |
||
| 490 | 0 | _a | |
| 500 | _aKaynakça var. | ||
| 650 | 0 |
_aİnsan anatomisi _925824 |
|
| 650 | 0 |
_aHemşirelik _94702 |
|
| 650 | 0 |
_aYaşam döngüsü, İnsan _9117186 |
|
| 650 | 0 |
_aSağlık _92239 |
|
| 830 | 0 |
_a _91620 |
|
| 942 |
_2lcc _cBK |
||
| 999 |
_c62899 _d62899 |
||